[Event "BEL-chT 2223"]
[Site "Belgium"]
[Date "2023.01.29"]
[Round "6.1"]
[White "Piacentini, Claudio"]
[Black "Ruzhansky, Elias"]
[Result "0-1"]
[WhiteElo "2033"]
[BlackElo "2106"]
[PlyCount "105"]
[EventDate "2022.09.25"]
[EventType "team-tourn"]
[EventRounds "11"]
[EventCountry "BEL"]
[SourceTitle "CBM 213 Extra"]
[Source "ChessBase"]
[SourceDate "2023.05.31"]
[SourceVersion "1"]
[SourceVersionDate "2023.05.31"]
[SourceQuality "1"]
[WhiteTeam "Charleroi CREC"]
[BlackTeam "KGSRL"]
[WhiteTeamCountry "BEL"]
[BlackTeamCountry "BEL"]

1. e4 c5 2. Nf3 Nc6 3. d4 cxd4 4. Nxd4 Nf6 5. Nc3 d6 6. Be2 g6 7. Be3 Bg7 8. Qd2 0-0 9. 0-0-0 Nxd4 10. Bxd4 Be6 11. Kb1 Qa5 12. f3 Rfc8 13. Nd5 Qxd2 14. Nxf6+ Bxf6 15. Rxd2 Bxd4 16. Rxd4 Rc5 17. h4 Rac8 18. c3 Kg7 19. g4 f5 20. exf5 gxf5 21. g5 Re5 22. Bd1 Bd5 23. a3 Bc6 24. Kc1 Rf8 25. Kd2 Rd5 26. Rxd5 Bxd5 27. Rf1 f4 28. Bc2 e5 29. b3 Bc6 30. a4 b6 31. c4 d5 32. Bd3 h6 33. Rg1 dxc4 34. gxh6+ Kxh6 35. Rg6+ Kh5 36. Rxc6 cxd3 37. Kxd3 Kxh4 38. Rg6 Rc8 39. Rg7 Rc1 40. b4 a6 41. Rg6 Ra1 42. Rxb6 Kg3 43. Rxa6 Kxf3 44. a5 e4+ 45. Kc2 e3 46. Re6 e2 47. Kb2 e1Q 48. Rxe1 Rxe1 49. a6 Re6 50. Kc2 Re1 51. b5 Ra1 52. Kd2 Ra5 53. Kc3 0-1